• 首页
  • 本馆介绍
  • 公告通知
  • 最新文献
  • 馆藏检索
  • 电子资源
  • 读者导购
  • 参考咨询
  • 我的图书馆
  • 登录
  • 详细信息显示
  • 放入我的书架
  • 预约/预借图书
  • 作者相关作品
  • 分类相关作品
  • 丛书相关作品
  • 出版社相关作品

书目信息

  • 表格格式
  • 工作单格式
  • 卡片格式
题名:
现代骑车维修
    
 
作者: 孟嗣宗
分册:  
出版信息: 北京   清华大学出版社  1996.02
页数: 264页
开本: 19cm
丛书名:
单 册:
中图分类: U269.5
科图分类:
主题词: 机车工程
电子资源:
ISBN:
000 00502nam0 2200193 45
001 0308271034
005 20030827104341.8
010    @dRMB0.80
100    @a20030827d1996 km y0chiy0120 ea
101    @achi
105    @a z 000yy
200 1  @a现代骑车维修@Axian dai qi che wei xiu@f孟嗣宗@Fmeng si zong
210    @a北京@c清华大学出版社@d1996.02
215    @a264页@c无图表@d19cm
606 0  @a机车工程
690    @aU269.5@v3
701  0 @a孟嗣宗
801    @aCN@b@c20030827
905    @aBZT@dU269.5@e11
    
    现代骑车维修/孟嗣宗.-北京:清华大学出版社,1996.02
    264页:无图表;19cm
    
    
    ISBN :RMB0.80
    
●
相关链接 在五车中查询图书 在当当中查询图书 在豆瓣中查询图书


正题名:现代骑车维修     索取号:U269.5/11         预约/预借

序号 登录号 条形码 馆藏地/架位号 状态 备注
1 26100   200472960   中心书库北库/ 北库040架A面4列5层1/ [索取号:U269.5/11] 在馆    
2 26101   200473004   中心书库北库/ 北库040架A面4列5层2/ [索取号:U269.5/11] 在馆    
3 26102   200472933   中心书库北库/ 北库040架A面4列5层4/ [索取号:U269.5/11] 在馆    
4 26103   200472942   中心书库北库/ 北库040架A面4列5层3/ [索取号:U269.5/11] 在馆    
山东省滨州职业学院图书馆 欢迎您!
大连网信软件有限公司© 版权所有